Opinion... sur le projet de loi relatif aux délits qui se commettent dans les églises et les autres édifices consacrés au culte.

Detalles Bibliográficos
Autor principal: Boulogne, ob
Formato: Libro
Lenguaje:Undetermined
French
Publicado: Paris : au bureau de memorial catholique, 1824.
Materias:
Colección:Banco de datos
Acervo:Biblioteca Palafoxiana. Colección bibliográfica
Descripción Física:13 p. ; 4°
Tema general:Derecho eclesiástico
Notas:Encuadernado con : t.2 y t.3. Número de localización: 12550-B
LEADER 00641nam a2200169Ia 4500
008 150723s9999 xx 000 0 und d
041 0 |a fre 
050 0 |a PAFX BR145 M4 
100 1 |a Boulogne, ob. 
245 1 0 |a Opinion... sur le projet de loi relatif aux délits qui se commettent dans les églises et les autres édifices consacrés au culte. 
260 |a Paris : au bureau de memorial catholique, 1824. 
300 |a 13 p. ; 4° 
500 |a Encuadernado con : t.2 y t.3. Número de localización: 12550-B 
650 1 0 |a Derecho eclesiástico 
942 |c PALALIB 
943 |g Biblioteca Palafoxiana. Colección bibliográfica 
999 |c 1062097  |d 1062097